00778nam a2200229 a 450000100060000000300080000600500170001400800390003103500190007004000320008904100080012108200210012910000440015024501040019425000120029826000380031030000350034850400980038350400200048165000160050170000310051731091BD-RjUL20211209051647.0140413s1964 enkac b 001 0 eng a(BD-RjUL)31178 aDLCcDLCdDLCdBD-RjULbeng aeng a150.19bWOC 19641 aWoodworth, Robert Sessions.d1869-1962.10aContemporary schools of psychology /cby Robert S. Woodworth in collaboration with Mary R. Sheehan. a3rd ed. aNew York :bRonald Press,cc1964  aviii, 457 p. :bill. ;c24 cm. a"Robert S. Woodworth: a bibliography": p. 391-403. "References and author index": p. 405-440. aIncludes Index. 0aPsychology.1 aSheehan, Mary Rose,d1904-